She Looks So Perfect - 5SOS (Lyrics) - Statistics

General Stats
  • This quiz has been taken 28 times
  • The average score is 275 of 313
Answer Stats
Lyrics % Correct
a
100%
American
100%
an
100%
And
100%
down
100%
I
100%
I'm
100%
In
100%
in
100%
know
100%
look
100%
my
100%
now
100%
perfect
100%
so
100%
standing
100%
that
100%
the
100%
there
100%
underwear
100%
Apparel
96%
is
96%
lipstick
96%
stain
96%
work
96%
you
96%
Bridge | Chorus You
96%
Your
96%
your
96%
art
91%
got
91%
name
91%
of
91%
to
91%
arrow
87%
heart
87%
Intro | Post-Chorus Hey
87%
If
87%
it
87%
tattooed
87%
We
87%
But
83%
but
83%
just
83%
too
83%
up
83%
wanna
83%
young
83%
don't
78%
drown
78%
honey
78%
swim
78%
we're
78%
anything
74%
around
74%
Cause
74%
damn
74%
else
74%
on
74%
this
74%
you'll
74%
all
70%
away
70%
for
70%
get
70%
hard
70%
move
70%
run
70%
say
70%
Verse 1 Simmer
70%
simmer
70%
They
70%
want
70%
with
70%
amount
65%
give
65%
Verse 2 Let's
65%
out
65%
really
65%
worked
65%
plane
61%
ring
61%
showed
61%
thinking
61%
ticket
61%
us
61%
was
61%
diamond
57%
floor
57%
jeans
57%
keep
57%
ripped
57%
shiny
57%
Would
57%
deadbeat
52%
found
52%
myself
52%
skinny
52%
While
52%
here
48%
only
48%
town's
48%
alone
43%
I've
43%
lying
43%
94
39%
mixtape
35%
made
30%
straight
30%
No matching quizzes found
Score Distribution
Percent of People with Each Score
Percentile by Number Answered
Your Score History
You have not taken this quiz